The Only Two Countries... Quiz Stats

 Plays Quiz Updated Jul 27, 2015

Challenge
Share
Tweet
Embed
Score 0/14 Timer 07:00
10 Plays Today
The only two countries that... 2 Countries % Correct

Have a population of over a billion
China and India
96.1%

End in 'guay'
Paraguay and Uruguay
90.8%

Begin with 'Z'
Zambia and Zimbabwe
88.2%

Border the United States of America
Canada and Mexico
88%

Are entirely sandwiched between China and India
Bhutan and Nepal
57.1%

Have at least 100 million English speakers
India and United States
56.5%
Are in South America but don't border Brazil
(other than Brazil)
Chile and Ecuador
55.8%
The only two countries that... 2 Countries % Correct

Contain the word 'New'
New Zealand and Papua New Guinea
54.2%

Begin with 'A' but don't end with 'A'
Afghanistan and Azerbaijan
52.9%

Have a map of their country's outline on their flag
Cyprus and Kosovo
23.6%
Are doubly landlocked
(surrounded entirely by landlocked countries)
Liechtenstein and Uzbekistan
18.3%

Have square flags
Switzerland and Vatican City
15.6%

Have the letter combination 'olo' in their names
Colombia and Solomon Islands
14%

Have the English word 'Saint' in their capital city's name
Antigua and Barbuda and Grenada
12.9%

You're not logged in!

Compare scores with friends on all Sporcle quizzes.
OR
Log In

You Might Also Like...

Show Comments

Extras

Top Quizzes Today


Score Distribution

Your Account Isn't Verified!

In order to create a playlist on Sporcle, you need to verify the email address you used during registration. Go to your Sporcle Settings to finish the process.

Report this User

Report this user for behavior that violates our Community Guidelines.

Details: